La descolonización del niño / (Record no. 110354)

MARC details
000 -LEADER
campo de control de longitud fija 01099cam a2200349Ia 4500
001 - NÚMERO DE CONTROL
campo de control 45212
005 - FECHA Y HORA DE LA ÚLTIMA TRANSACCIÓN
campo de control 20230411085957.0
008 - DATOS DE LONGITUD FIJA--INFORMACIÓN GENERAL
campo de control de longitud fija 850520s1974 sp b 000 0 spa d
035 ## - NÚMERO DE CONTROL DEL SISTEMA
Número de control de sistema (OCoLC)ocm12055146
040 ## - FUENTE DE CATALOGACIÓN
Centro catalogador/agencia de origen IQU
Centro/agencia transcriptor IQU
Centro/agencia modificador OCL
020 ## - NÚMERO INTERNACIONAL ESTÁNDAR DEL LIBRO
Número Internacional Estándar del Libro 8434407485
020 ## - NÚMERO INTERNACIONAL ESTÁNDAR DEL LIBRO
Número Internacional Estándar del Libro 9788434407480
035 ## - NÚMERO DE CONTROL DEL SISTEMA
Número de control de sistema (OCoLC)12055146
041 1# - CÓDIGO DE IDIOMA
Código de lengua del texto/banda sonora o título independiente spa
Código de lengua original fre
090 ## - LOCALMENTE ASIGNADO TIPO-LC NÚMERO DE CLASIFICACIÓN (OCLC); NÚMERO DE CLASIFICACIÓN LOCAL (RLIN)
Número de clasificación (OCLC) (R) ; Numero de clasificación, CALL (RLIN) (NR) HM271
Número cutter local (OCLC) ; Número de libro/Signatura topográfica íntegra, CALL (RLIN) .M537d 1974
049 ## - FONDOS LOCALES (OCLC)
Biblioteca depositaria GRAL
100 1# - ENTRADA PRINCIPAL--NOMBRE DE PERSONA
Nombre de persona Mendel, Gérard,
Fechas asociadas al nombre 1930-
240 10 - TÍTULO UNIFORME
Título uniforme Pour décoloniser l'enfant : sociopsychanalyse de l'autorité,
Lenguaje de la obra Spanish
245 13 - MENCIÓN DEL TÍTULO
Título La descolonización del niño /
Mención de responsabilidad, etc. Gérard Mendel ; traducción castellana de Julia Sicart.
260 ## - PUBLICACIÓN, DISTRIBUCIÓN, ETC.
Lugar de publicación, distribución, etc. Barcelona :
Nombre del editor, distribuidor, etc. Editorial Ariel,
Fecha de publicación, distribución, etc. 1974.
300 ## - DESCRIPCIÓN FÍSICA
Extensión 276 p. ;
Dimensiones 18 cm.
490 0# - MENCIÓN DE SERIE
Mención de serie Ariel quincenal ;
Designación de volumen o secuencia 76
500 ## - NOTA GENERAL
Nota general Translation of: Pour dâecoloniser l'enfant : sociopsychanalyse de l'autoritâe.
504 ## - NOTA DE BIBLIOGRAFÍA, ETC.
Nota de bibliografía, etc. Bibliography: p. 269-273.
650 #0 - PUNTO DE ACCESO ADICIONAL DE MATERIA--TÉRMINO DE MATERIA
Término de materia o nombre geográfico como elemento de entrada Authority.
650 #0 - PUNTO DE ACCESO ADICIONAL DE MATERIA--TÉRMINO DE MATERIA
Término de materia o nombre geográfico como elemento de entrada Child psychology.
650 #0 - PUNTO DE ACCESO ADICIONAL DE MATERIA--TÉRMINO DE MATERIA
Término de materia o nombre geográfico como elemento de entrada Conflict of generations.
700 1# - ENTRADA AGREGADA--NOMBRE PERSONAL
Nombre de persona Sicart, Julia.
942 ## - ELEMENTOS DE ENTRADA SECUNDARIOS (KOHA)
Fuente del sistema de clasificación o colocación Clasificación de Library of Congress
Tipo de ítem Koha
994 ## -
-- C0
-- DRFGD
946 ## - PROCESAMIENTO DE INFORMACIÓN LOCAL (OCLC)
a csexposito
Holdings
Estatus retirado Estado de pérdida Fuente del sistema de clasificación o colocación Estado de daño No para préstamo Colección Biblioteca de origen Biblioteca actual Ubicación en estantería Fecha de adquisición Código de barras Visto por última vez Copia número Tipo de ítem Koha
    Clasificación de Library of Congress     Automatización y Procesos Técnicos Biblioteca Juan Bosch Biblioteca Juan Bosch Automatización y Procesos Técnicos (1er. Piso) 11/04/2023 00000045243 17/02/2019 1